000 01219nam a2200265 4500
003 EC-QuCCB
005 20260205164334.0
007 ta
008 260205s1990 us ||||gr|||| 00| 0 spa d
040 _aEC-QuCCB
041 _aspa
082 _a297
_bE531
245 _aComprender el Islam y a los musulmanes
_cEmbajada de Arabia Saudí. Departamento de Asuntos Islámicos
246 _aEntendiendo al Islam y a los musulmanes
260 _aWashington :
_bThe Islamic Texts Society,
_c1990.
300 _a32 páginas ;
_c21 cm.
336 _atexto
_btxt
337 _ano mediado
_bn
338 _avolumen
_bnc
505 1 _a¿Qué es el Islam? -- ¿Quiénes son los musulmanes? -- ¿Qué creen los musulmanes? -- ¿Cómo se convierte una persona en musulman? -- ¿Qué significa la palabra Islam? -- ¿Por qué el Islam a menudo parece extraño? -- El Islam y el cristianismo tienen diferentes orígenes? -- ¿Qué es la Ka'ba? -- ¿Quién es Muhammad? -- ¿Cómo se convirtió en profea y mensajero Dios? -- ¿Cómo ha influido en el mundo la expansión del Islam? -- ¿Qué es el Corán?...
590 _abgg
650 4 _aIslamismo
_913602
942 _2ddc
_cBK
999 _c83386
_d83386